Sports technology (Record no. 393708)

MARC details
000 -LEADER
fixed length control field 00467 a2200181 4500
005 - DATE & TIME
control field 20260108100931.0
008 - FIXED-LENGTH DATA ELEMENTS--GENERAL INFORMATION
fixed length control field 260106b |||||||| |||| 00| 0 eng d
020 ## - ISBN
International Standard Book Number 9789386092847
Price Rs. 600.00
040 ## - CATALOGING SOURCE
Original cataloging agency VIVEKANANDA LIBRARY
082 ## - DDC NUMBER
Classification number 796.01
Book Number B736S
100 ## - MAIN ENTRY--PERSONAL NAME
Personal name Brar, Jaswinder Singh
245 ## - TITLE STATEMENT
Title Sports technology
260 ## - PUBLICATION, DISTRIBUTION, ETC. (IMPRINT)
Name of publisher, distributor, etc Khel Sahitya Kendra
Date of publication, distribution, etc 2026
Place of publication, distribution, etc New Delhi
300 ## - PHYSICAL DESCRIPTION
Pages 111
650 ## - Subject
Subject Physical Education
650 ## - Subject
Subject Sports Technology
942 ## - ADDED ENTRY ELEMENTS (KOHA)
Koha item type Books
Holdings
Withdrawn status Lost status Source of classification or shelving scheme Damaged status Not for loan Location (home branch) Sublocation or collection (holding branch) Shelving location Date acquired Koha issues (times borrowed) Koha full call number Accession No. Koha date last seen Koha item type
    Dewey Decimal Classification     VIVEKANANDA LIBRARY VIVEKANANDA LIBRARY Vivekananda Library 12/12/2025   796.01 B736S 443646 12/12/2025 Books
© Designed and Maintained by Vivekananda Library, MDU Rohtak